Statistics for 15 Biggest enonomies in Asia by nominal GDP

Click here to take the quiz!

General Stats

  • This quiz has been taken 130 times
  • The average score is 13 of 15

Answer Stats

HintAnswer% Correct
$B 9,181China
100%
$B 4,901Japan
100%
$B 1,870India
98%
$B 1,221South korea
98%
$B 870Indonesia
95%
$B 745Saudi Arabia
93%
$B 387Thailand
92%
$B 366Iran
88%
$B 295Singapore
88%
$B 489Taiwan
88%
$B 312Malaysia
85%
$B 272Philippines
84%
$B 396United Arab Emirates
83%
$B 291Israel
73%
$B 273Hongkong
39%

Score Distribution

Percentile by Number Answered

Percent of People with Each Score

Your Score History

You have not taken this quiz